00435nam a2200169 a 450000100060000000300090000600800410001502000150005604000280007108200180009910000250011724500180014226000500016030000110021049000240022165000200024519116CO-ViMGA141112s2004 ck r 000 u spa d a9681607297 aCO-ViMGAbspacCO-ViMGA04aM 863.6 C177b1 aCastellanos, Rosario10aBalún Canan aMexico : bFondo de Cultura Ecónomica; 2000 a291 p. aColección popular14aNOVELA MEXICANA